|
|
|
|
| LEADER |
00000cam a2200000 a 4500 |
| 001 |
UCD3720 |
| 003 |
CL-VaPUC |
| 008 |
160616e20070000uk |||||||||||||||||eng|d |
| 020 |
|
|
|a 9781842777114
|
| 082 |
0 |
4 |
|a 337
|b PEE
|2 21
|
| 100 |
0 |
|
|a Peet, Richard
|e author
|9 587284
|
| 245 |
1 |
0 |
|a Geography of power: making global economic policy
|
| 250 |
|
|
|a 1a. ed
|
| 300 |
|
|
|a 216 p
|
| 942 |
|
|
|c BK
|
| 945 |
|
|
|d 20160616 22:39:00
|a dcastane
|
| 260 |
|
|
|a Londres
|b Zed Books
|c 2007
|
| 650 |
|
0 |
|a Economía política
|9 255814
|
| 650 |
|
0 |
|a Globalización
|9 361930
|
| 650 |
|
0 |
|a Toma de decisiones
|9 257530
|
| 650 |
|
0 |
|a Aspectos económicos
|9 255165
|
| 583 |
|
|
|a last modification
|c 20160616 22:39:00
|k Rodrigo Vera
|
| 999 |
|
|
|c 364747
|d 364745
|
| 952 |
|
|
|0 0
|1 0
|3 erb
|4 0
|6 337_000000000000000_PEE_2007
|7 0
|8 A
|9 478323
|a BIBING
|b BIBING
|i 5293782
|o 337 PEE 2007
|p 5293782
|r 2025-01-20
|w 2019-11-24
|y BK
|z Catalogado en:20160616
|k GEO
|